[Event "GER-chT U10"]
[Site "Magdeburg"]
[Date "2012.12.28"]
[Round "3.2"]
[White "Goutsis, Helena"]
[Black "Lilienthal, Niels Bennett"]
[Result "0-1"]
[WhiteElo "783"]
[BlackElo "1008"]
[PlyCount "58"]
[EventDate "2012.12.27"]
[EventType "team-swiss"]
[EventRounds "7"]
[EventCountry "GER"]
[SourceTitle "EXT 2014"]
[Source "ChessBase"]
[SourceDate "2013.11.20"]
[SourceVersion "1"]
[SourceVersionDate "2013.11.20"]
[SourceQuality "1"]
[WhiteTeam "Iserlohn Koenigsspringer"]
[BlackTeam "Friedrichsfelde Borussia"]
[WhiteTeamCountry "GER"]
[BlackTeamCountry "GER"]

1. e4 e5 2. Nf3 Nc6 3. Nc3 Bb4 4. Bc4 Nf6 5. 0-0 0-0 6. a3 Bxc3 7. dxc3 h6 8. Be3 d6 9. Qe2 Bg4 10. h3 Bh5 11. Rfd1 Nxe4 12. Rd3 a6 13. Rad1 Nf6 14. R3d2 e4 15. Nh4 Bxe2 16. Bxe2 Ne5 17. b3 c5 18. c4 Qc7 19. Nf5 Rfd8 20. Nxd6 Rd7 21. Bf4 Ng6 22. g3 Nxf4 23. gxf4 Rad8 24. Nf5 Rxd2 25. Re1 Qxf4 26. Ne3 g5 27. Bg4 Qxf2+ 28. Kh1 Qxe1+ 29. Nf1 Qxf1# 0-1